000
00299nam a22001337a 4500
003
OSt
005
20211223085148.0
008
211223b |||||||| |||| 00| 0 eng d
040
_c
HU
082
_a
004.3519BOH1984
100
_a
Bohm
_9
24439
245
_a
Dataflow Computation
942
_2
ddc
_c
BOOKS
_n
0
999
_c
23568
_d
23568